000 00823nam a2200193 a 4500
008 090311s2007 ||||||||||||||||| || u
020 _a9780550102188
050 _aPE 1628 Cha
100 _aSargeant, Howard
245 1 0 _aChambers mini dictionary
_cby Mary O' Neill and Howard Sargeant
260 _aEdinburgh:
_bChambers Harrap Publishers Ltd
_c2007
300 _axii, 740p.
350 _a0.00
650 _aENGLISH--DICTIONARIES
650 0 _aENGLISH LANGUAGE--DICTIONARIES
700 _aO' Neill, Mary
995 _aREFERENCE BOOKS
_e743947
_FCBU-MAIN LIBRARY (Kitwe)
_I0.00
_jPE 1628 Cha
_M2
_UREFERENCE
_WJun 24, 2013
_y743947
_ZReference Collection
995 _aANNEX COLLECTION (Main Library)
_D0.00
_e739334
_FCBU-MAIN LIBRARY (Kitwe)
_H1
_I0.00
_jPE 1628 CHA
_M1
_UDAMAGED
_WMar 11, 2009
_y739334
_ZAnnex Low-Usage Collection
999 _c78144
_d78144